000
00249nam a22001097a 4500
082
_a
808.3 STE'T
100
_a
STERENSON, ROBERT LOUIS
_9
57787
245
_a
TREASURE ISLAND
260
_a
LONDON
_b
BLACKIE & SONS
_c
1969
300
_a
224P
942
_c
BK
999
_c
568041
_d
568041